000 00842nam a2200313Ia 4500
001 Z_1769
003 CHAP
008 220113s9999 xx 000 0 und d
010 _a164860
020 _a84-282-0551-5
040 _cCHAP
082 _a575.1 L48
100 _aLevine, Louis
_966462
245 _aBiología del gen /
_cLouis Levine; traducción Margarida Costa
260 _aBarcelona, España :
_bOmega,
_c
300 _axiii, 370 p.
500 _aTraducción de la obra en inglés: Biology of the gene
503 _aej.1: 124939 \ ej.2: 124938 \ ej.3: 134613
504 _aIncluye bibliografía
650 _aGenética
_947469
650 _aHerencia
_953725
700 _aCosta, Margarida, tr.
_9138927
901 _a575.1 L48
902 _aM
910 _a
942 _c1
942 _cc1
999 _c164860
_d164860